|
|
|
|
| LEADER |
02999nam a22004695i 4500 |
| 001 |
978-3-642-11177-8 |
| 003 |
DE-He213 |
| 005 |
20151204152450.0 |
| 007 |
cr nn 008mamaa |
| 008 |
100327s2010 gw | s |||| 0|eng d |
| 020 |
|
|
|a 9783642111778
|9 978-3-642-11177-8
|
| 024 |
7 |
|
|a 10.1007/978-3-642-11177-8
|2 doi
|
| 040 |
|
|
|d GrThAP
|
| 050 |
|
4 |
|a K3150
|
| 072 |
|
7 |
|a LBB
|2 bicssc
|
| 072 |
|
7 |
|a LAW051000
|2 bisacsh
|
| 082 |
0 |
4 |
|a 341
|2 23
|
| 245 |
1 |
0 |
|a Solidarity: A Structural Principle of International Law
|h [electronic resource] /
|c edited by Rüdiger Wolfrum, Chie Kojima.
|
| 264 |
|
1 |
|a Berlin, Heidelberg :
|b Springer Berlin Heidelberg,
|c 2010.
|
| 300 |
|
|
|a XIII, 238 p.
|b online resource.
|
| 336 |
|
|
|a text
|b txt
|2 rdacontent
|
| 337 |
|
|
|a computer
|b c
|2 rdamedia
|
| 338 |
|
|
|a online resource
|b cr
|2 rdacarrier
|
| 347 |
|
|
|a text file
|b PDF
|2 rda
|
| 490 |
1 |
|
|a Beiträge zum ausländischen öffentlichen Recht und Völkerrecht, Veröffentlichungen des Max-Planck-Instituts für ausländisches öffentliches Recht und Völkerrecht,
|x 0172-4770 ;
|v 213
|
| 505 |
0 |
|
|a Opening Address -- Revisiting Solidarity as a (Re-)Emerging Constitutional Principle: Some Further Reflections -- Solidarity and the Law of Development Cooperation -- Responsibility to Protect: Reflecting Solidarity? -- Intergenerational Equity -- Military Intervention without Security Council#x2019;s Authorisation as a Consequence of the #x201C;Responsibility to Protect#x201D; -- Common Security: The Litmus Test of International Solidarity -- Concluding Remarks.
|
| 520 |
|
|
|a This volume presents a high-level scholarly discussion on whether the concept of solidarity functions as a structural principle of international law and to what extent it has become a full-fledged legal principle. Each contributor addresses these questions by examining normative operations of the principle of solidarity in different branches of international law – including international disaster law, international humanitarian law, the law of development cooperation and international environmental law – as well as the relationship between the principle of solidarity and other legal principles such as the responsibility to protect and intergenerational equity.
|
| 650 |
|
0 |
|a Law.
|
| 650 |
|
0 |
|a Law
|x Philosophy.
|
| 650 |
|
0 |
|a Public international law.
|
| 650 |
1 |
4 |
|a Law.
|
| 650 |
2 |
4 |
|a Public International Law.
|
| 650 |
2 |
4 |
|a Fundamentals of Law.
|
| 700 |
1 |
|
|a Wolfrum, Rüdiger.
|e editor.
|
| 700 |
1 |
|
|a Kojima, Chie.
|e editor.
|
| 710 |
2 |
|
|a SpringerLink (Online service)
|
| 773 |
0 |
|
|t Springer eBooks
|
| 776 |
0 |
8 |
|i Printed edition:
|z 9783642111761
|
| 830 |
|
0 |
|a Beiträge zum ausländischen öffentlichen Recht und Völkerrecht, Veröffentlichungen des Max-Planck-Instituts für ausländisches öffentliches Recht und Völkerrecht,
|x 0172-4770 ;
|v 213
|
| 856 |
4 |
0 |
|u http://dx.doi.org/10.1007/978-3-642-11177-8
|z Full Text via HEAL-Link
|
| 912 |
|
|
|a ZDB-2-SHU
|
| 950 |
|
|
|a Humanities, Social Sciences and Law (Springer-11648)
|